Zlúčenia a akvizície v sektore finančných služieb

Formy zlúčení a prepojení v sektore finančných služieb. Aktivity zlúčenia a akvizícií vo finančnom sektore. Ekonomické dôvody zlúčení a akvizícií. Zlúčenia bánk a investičných bánk v roku 1997.

Na minha lista:
Detalhes bibliográficos
Autor principal: Bikár, Miloš, 1973-
Formato: Capítulo de Livro
Idioma:eslovaco
Assuntos:
Tags: Adicionar Tag
Sem tags, seja o primeiro a adicionar uma tag!

MARC

LEADER 00000naa a2200000 4500
001 r038440
005 20240502071334.3
041 0 |a slo 
044 |a SK 
245 1 0 |a Zlúčenia a akvizície v sektore finančných služieb  |c Miloš Bikár 
520 |a Formy zlúčení a prepojení v sektore finančných služieb. Aktivity zlúčenia a akvizícií vo finančnom sektore. Ekonomické dôvody zlúčení a akvizícií. Zlúčenia bánk a investičných bánk v roku 1997. 
610 2 0 |a služby finančné 
610 2 0 |a banky 
610 2 0 |a akvizícia 
610 2 0 |a papiere cenné 
610 2 0 |a trh kapitálový 
610 2 0 |a podnikanie 
610 2 0 |a konkurencia 
610 2 0 |a fondy investičné 
100 1 |a Bikár, Miloš, 1973-